[Event "Valencia Real Provincial-ch"]
[Site "Ciudad Real"]
[Date "2010.04.18"]
[Round "4.16"]
[White "Ramirez Vidal, Alvaro"]
[Black "Espinosa Moreno, Carlos"]
[Result "1-0"]
[WhiteElo "1595"]
[BlackElo "1555"]
[PlyCount "39"]
[EventDate "2010.04.11"]
[EventType "swiss"]
[EventRounds "6"]
[EventCountry "ESP"]
[SourceTitle "EXT 2024"]
[Source "ChessBase"]
[SourceDate "2023.10.10"]
[SourceVersion "1"]
[SourceVersionDate "2023.10.10"]
[SourceQuality "1"]

1. e4 d5 2. exd5 Nf6 3. Bc4 Nxd5 4. d3 g6 5. Nf3 Bg7 6. Bxd5 Qxd5 7. c4 Qa5+ 8. Bd2 Qb6 9. Bc3 Bxc3+ 10. bxc3 Qb2 11. Nbd2 Qxc3 12. 0-0 Qxd3 13. Ne5 Qd4 14. Qa4+ c6 15. Ndf3 Qd8 16. Ng5 Be6 17. c5 f6 18. Nxe6 Qd5 19. Nc7+ Kf8 20. Nxd5 1-0